| 000 | 00449nam a2200145Ia 4500 | ||
|---|---|---|---|
| 008 | 210430s9999 xx 000 0 und d | ||
| 020 | _a0-7506-4501-6 | ||
| 082 | _a664.024 S7751 P | ||
| 100 |
_aPeter F. Stanbury, Allan Whitaker, Stephen J. Hall. _9127042 |
||
| 245 |
_aPrinciples of Fermentation Technology 2nd edition / _cPeter F. Stanbury |
||
| 250 | _a2nd edition | ||
| 260 |
_aLondon _bPhotocopy _c2003 |
||
| 300 | _a356 p | ||
| 942 |
_cBK _2ddc |
||
| 999 |
_c564996 _d564996 |
||